<?xml version="1.0" encoding="UTF-8"?><?xml-stylesheet type="text/xsl" href="static/style.xsl"?><OAI-PMH xmlns="http://www.openarchives.org/OAI/2.0/" xmlns:xsi="http://www.w3.org/2001/XMLSchema-instance" xsi:schemaLocation="http://www.openarchives.org/OAI/2.0/ http://www.openarchives.org/OAI/2.0/OAI-PMH.xsd"><responseDate>2026-04-13T03:56:38Z</responseDate><request verb="GetRecord" identifier="oai:www.recercat.cat:2445/150806" metadataPrefix="marc">https://recercat.cat/oai/request</request><GetRecord><record><header><identifier>oai:recercat.cat:2445/150806</identifier><datestamp>2025-12-05T16:44:58Z</datestamp><setSpec>com_2072_1057</setSpec><setSpec>col_2072_478823</setSpec><setSpec>col_2072_478917</setSpec></header><metadata><record xmlns="http://www.loc.gov/MARC21/slim" xmlns:dcterms="http://purl.org/dc/terms/" xmlns:xsi="http://www.w3.org/2001/XMLSchema-instance" xmlns:doc="http://www.lyncode.com/xoai" xsi:schemaLocation="http://www.loc.gov/MARC21/slim http://www.loc.gov/standards/marcxml/schema/MARC21slim.xsd">
   <leader>00925njm 22002777a 4500</leader>
   <datafield ind2=" " ind1=" " tag="042">
      <subfield code="a">dc</subfield>
   </datafield>
   <datafield ind2=" " ind1=" " tag="720">
      <subfield code="a">MAGIC Collaboration</subfield>
      <subfield code="e">author</subfield>
   </datafield>
   <datafield ind2=" " ind1=" " tag="720">
      <subfield code="a">Paredes i Poy, Josep Maria</subfield>
      <subfield code="e">author</subfield>
   </datafield>
   <datafield ind2=" " ind1=" " tag="720">
      <subfield code="a">Ribó Gomis, Marc</subfield>
      <subfield code="e">author</subfield>
   </datafield>
   <datafield ind2=" " ind1=" " tag="720">
      <subfield code="a">Bosch i Ramon, Valentí</subfield>
      <subfield code="e">author</subfield>
   </datafield>
   <datafield ind2=" " ind1=" " tag="260">
      <subfield code="c">2020-02-20T14:00:37Z</subfield>
   </datafield>
   <datafield ind2=" " ind1=" " tag="260">
      <subfield code="c">2020-02-20T14:00:37Z</subfield>
   </datafield>
   <datafield ind2=" " ind1=" " tag="260">
      <subfield code="c">2007</subfield>
   </datafield>
   <datafield ind2=" " ind1=" " tag="260">
      <subfield code="c">2020-02-20T14:00:37Z</subfield>
   </datafield>
   <datafield ind2=" " ind1=" " tag="520">
      <subfield code="a">We report on the results from the observations in the very high energy band (VHE; Eγ ≥ 100 GeV) of the black hole X-ray binary (BHXB) Cygnus X-1. The observations were performed with the MAGIC telescope, for a total of 40 hr during 26 nights, spanning the period between 2006 June and November. Searches for steady γ-ray signals yielded no positive result, and upper limits to the integral flux ranging between 1% and 2% of the Crab Nebula flux, depending on the energy, have been established. We also analyzed each observation night independently, obtaining evidence of γ-ray signals at the 4.0 σ significance level (3.2 σ after trial correction) for 154 minutes of effective on-time (EOT) on September 24 between 20:58 and 23:41 UTC, coinciding with an X-ray flare seen by RXTE, Swift, and INTEGRAL. A search for faster-varying signals within a night resulted in an excess with a significance of 4.9 σ (4.1 σ after trial correction) for 79 minutes EOT between 22:17 and 23:41 UTC. The measured excess is compatible with a pointlike source at the position of Cygnus X-1 and excludes the nearby radio nebula powered by its relativistic jet. The differential energy spectrum is well fitted by an unbroken power law described as dN/(dA dt dE) = (2.3 ± 0.6) × 10-12(E/1 TeV)-3.2±0.6. This is the first experimental evidence of VHE emission from a stellar mass black hole and therefore from a confirmed accreting X-ray binary.</subfield>
   </datafield>
   <datafield tag="653" ind2=" " ind1=" ">
      <subfield code="a">Acceleradors de partícules</subfield>
   </datafield>
   <datafield tag="653" ind2=" " ind1=" ">
      <subfield code="a">Astronomia de raigs gamma</subfield>
   </datafield>
   <datafield tag="653" ind2=" " ind1=" ">
      <subfield code="a">Astronomia de raigs X</subfield>
   </datafield>
   <datafield tag="653" ind2=" " ind1=" ">
      <subfield code="a">Particle accelerators</subfield>
   </datafield>
   <datafield tag="653" ind2=" " ind1=" ">
      <subfield code="a">Gamma ray astronomy</subfield>
   </datafield>
   <datafield tag="653" ind2=" " ind1=" ">
      <subfield code="a">X-ray astronomy</subfield>
   </datafield>
   <datafield ind2="0" ind1="0" tag="245">
      <subfield code="a">Very High Energy Gamma-Ray Radiation from the Stellar Mass Black Hole Binary Cygnus X-1</subfield>
   </datafield>
</record></metadata></record></GetRecord></OAI-PMH>